| 000 | 00415 a2200133 4500 | ||
|---|---|---|---|
| 001 | 87963 | ||
| 082 | _aPR 304 | ||
| 090 |
_c41433 _d41433 |
||
| 100 | _aAbdul Haseeb; Athar Kharal, prof | ||
| 245 |
_aNeuro computation based determination of airfoil geometry and Cp distribution at pre specified cruise conditions _nG-58 |
||
| 260 |
_aRisalpur _bNUST _c2003 |
||
| 300 | _avi, 102 p. | ||
| 500 | _aBE project reports AE | ||
| 942 |
_aCAE NUST _kPR 304 |
||
| 999 |
_c323036 _d323036 |
||